Rozsypanka literowa - piwa - Statystyki

Ogólne statystyki
  • Ten quiz został rozwiązany 1 682 razy
  • Średni wynik to 7 z 22
Statystyki odpowiedzi
Państwo Rozsypanka Marka piwa % Poprawnych
Polska yżcewi Żywiec
95%
Polska rawka Warka
94%
Polska trata Tatra
90%
Czechy atžkceý Žatecký
80%
Holandia knhneiee Heineken
64%
Irlandia sinsneug Guinness
48%
Meksyk orocan Corona
40%
Stany Zjednoczone rmilel Miller
38%
Dania rrsgbeacl Carlsberg
37%
Niemcy cbske Becks
30%
Japonia rinki Kirin
18%
Holandia clrosgh Grolsch
17%
Niemcy mbaerchrok Krombacher
13%
Stany Zjednoczone orcos Coors
8%
Niemcy ts aiupl rilg St. Pauli Girl
8%
Belgia aslelt sirato Stella Artois
7%
Australia sfotrse Fosters
6%
Kanada nlosom Molson
5%
Jamajka erd priest Red Stripe
5%
Meksyk ods quesi Dos Equis
3%
Kanada btatal ubel Labatt Blue
3%
Wielka Brytania slwecetna Newcastle 
3%
Nie znaleziono quizów pasujących do podanych kryteriów
Rozkład punktacji
Procent ludzi z każdym wynikiem
Percentyl według liczby udzielonych odpowiedzi
Twoja historia wyników
Nie rozwiązałeś tego quizu